000 00586nam a2200241 a 4500
001 nice12345678
003 IN_TiNIC
005 20260116014101.0
008 110106s2009 oxfa grp 000 0 eng
020 _a9781851685639
_c225
082 0 0 _a297.93
_bMOM1
100 _aMomen, Moojan
245 _aBaha`i Faith
260 _aOxford
_bOne World Publications
_c2009
300 _a186p
500 _aincludes index and biblioraphy
505 2 _aBibliography,Index
650 _aBahai Faith
700 1 _aMomen, Moojan
902 _bSRS
942 _cBK
999 _c13801
_d13801